Catalog

Record Details

Catalog Search



Alabama noir  Cover Image Book Book

Alabama noir / edited by Don Noble.

Noble, Donald R., (editor,, author.).

Summary:

The 16 tales in this entertaining Akashic noir anthology cover the entire state of Alabama.

Record details

  • ISBN: 9781617758089
  • ISBN: 1617758086
  • Physical Description: 255 pages : map ; 21 cm
  • Publisher: Brooklyn, New York : Akashic Books, [2020]

Content descriptions

Formatted Contents Note:
Part I: Cold, cold heart. Exhaustion / Anita Miller Garner -- Deepwater, dark horizons / Suzanne Hudson -- Bubb and Romy's platonic bender / Kirk Curnutt -- Custom meats / Wendy Reed -- Part II: Your cheatin' heart. The price of indulgence / Carolyn Haines -- Come like a thief / Anthony Grooms -- What brings you back home / Michelle Richmond -- Murder at the Grand Hotel / Winston Groom -- Sweet baby / Ace Atkins -- Part III: I'm so lonesome I could cry. The good thief / Ravi Howard -- Her job / Tom Franklin -- Xenia, queen of the dark / Thom Gossom Jr. -- Part IV: The angel of death. Laughing boy, crooked girl / Brad Watson -- Triptych / Daniel Wallace -- The junction boys / D. Winston Brown -- All the dead in Oakwood / Marlin Barton.
Subject: Detective and mystery stories, American.
Alabama > Fiction.
Genre: Short stories.
Noir fiction.

LDR 01986cam a2200349Ki 4500
001153965
003CONS
00520200327084817.0
008190913s2020 nyub 000 j eng d
020 . ‡a9781617758089 ‡q(paperback)
020 . ‡a1617758086 ‡q(paperback)
035 . ‡a(CPomAG)LMN617705
043 . ‡an-us-al
24500. ‡aAlabama noir / ‡cedited by Don Noble.
264 1. ‡aBrooklyn, New York : ‡bAkashic Books, ‡c[2020]
300 . ‡a255 pages : ‡bmap ; ‡c21 cm
336 . ‡atext ‡btxt ‡2rdacontent
336 . ‡astill image ‡bsti ‡2rdacontent
337 . ‡aunmediated ‡bn ‡2rdamedia
338 . ‡avolume ‡bnc ‡2rdacarrier
4901 . ‡aAkashic noir series
50500. ‡gPart I: Cold, cold heart. ‡tExhaustion / ‡rAnita Miller Garner -- ‡tDeepwater, dark horizons / ‡rSuzanne Hudson -- ‡tBubb and Romy's platonic bender / ‡rKirk Curnutt -- ‡tCustom meats / ‡rWendy Reed -- ‡gPart II: Your cheatin' heart. ‡tThe price of indulgence / ‡rCarolyn Haines -- ‡tCome like a thief / ‡rAnthony Grooms -- ‡tWhat brings you back home / ‡rMichelle Richmond -- ‡tMurder at the Grand Hotel / ‡rWinston Groom -- ‡tSweet baby / ‡rAce Atkins -- ‡gPart III: I'm so lonesome I could cry. ‡tThe good thief / ‡rRavi Howard -- ‡tHer job / ‡rTom Franklin -- ‡tXenia, queen of the dark / ‡rThom Gossom Jr. -- ‡gPart IV: The angel of death. ‡tLaughing boy, crooked girl / ‡rBrad Watson -- ‡tTriptych / ‡rDaniel Wallace -- ‡tThe junction boys / ‡rD. Winston Brown -- ‡tAll the dead in Oakwood / ‡rMarlin Barton.
520 . ‡aThe 16 tales in this entertaining Akashic noir anthology cover the entire state of Alabama.
650 0. ‡aDetective and mystery stories, American.
651 0. ‡aAlabama ‡vFiction.
655 7. ‡aShort stories. ‡2lcgft
655 7. ‡aNoir fiction. ‡2lcgft
7001 . ‡aNoble, Donald R., ‡eeditor, ‡eauthor.
830 0. ‡aAkashic noir series.
914 . ‡aSCP_LP
959 . ‡i32269001148637 ‡lF Nob ‡aAdult - Fiction ‡tPaperback ‡g16.00
852 . ‡p32269001148637 ‡jF Nob ‡gAdult - Fiction ‡cPaperback ‡y16.00 ‡bSBPL
901 . ‡a153965 ‡bUnknown ‡c153965 ‡tbiblio

Additional Resources